As you like it / (Record no. 7169)

MARC details
000 -LEADER
fixed length control field 00448nam a2200157Ia 4500
020 ## - INTERNATIONAL STANDARD BOOK NUMBER
ISBN 0582527252
050 ## - CALL NUMBER
Classification number PR2803
Item number .A2L47
100 1# - AUTHOR
Personal name Shakespeare, William,
245 10 - TITLE
Title As you like it /
Statement of responsibility, etc William Shakespeare ; edited by J.W. Lever.
250 ## - EDITION
Edition statement Ghana Edition
260 ## - PUBLICATION INFORMATION
Place of publication Accra
Name of publisher Pearson Education Longman
Year of publication 1967
300 ## - DESCRIPTION
Number of Pages xxx, 253 pages :
Other physical details illustrations ;
Dimensions 19 cm.
650 #0 - SUBJECTS
Topical Term English drama
700 1# - OTHER AUTHORS
Personal name Lever, J. W.
942 ## - ADDED ENTRY ELEMENTS (KOHA)
Koha item type Books
Holdings
Withdrawn status Lost status Collection code Home library Current library Shelving location Date acquired Full call number Accession Number Koha item type
    Reference Methodist University Library Main Methodist University Library Main General Stacks 22/09/2006 PR2803 .A2L47 13286 Books
Copyright © 2026  MUG Library